[Event "Titled Tuesday intern op 13th Feb Early"]
[Site "Chess.com INT"]
[Date "2024.02.13"]
[Round "7"]
[White "Prohaszka, Peter"]
[Black "Gutkin, Ilya"]
[Result "1-0"]
[WhiteElo "2578"]
[BlackElo "2300"]
[PlyCount "45"]
[EventDate "2024.02.13"]
[EventType "swiss (blitz)"]
[EventRounds "11"]
[EventCountry "USA"]
[SourceTitle "CB08_2024"]
[SourceDate "2024.02.21"]
[SourceVersion "1"]
[SourceVersionDate "2024.02.21"]
[SourceQuality "1"]

1. d4 e6 2. Nf3 Nf6 3. Bf4 c5 4. e3 b6 5. Nc3 cxd4 6. exd4 d6 7. a4 a6 8. Bc4 Be7 9. 0-0 0-0 10. Re1 Bb7 11. h3 Nbd7 12. Nd2 Qc7 13. Bf1 Rfc8 14. Nc4 Bf8 15. Qd3 Rab8 16. Qg3 Ne8 17. Rad1 Ndf6 18. a5 b5 19. Nb6 Rd8 20. Be2 b4 21. Nca4 Qxc2 22. Bd3 Qb3 23. Bxh7+ 1-0

[Event "Titled Tuesday intern op 06th Feb Early"]
[Site "Chess.com INT"]
[Date "2024.02.06"]
[Round "11"]
[White "Gutkin, Ilya"]
[Black "Kunal, M."]
[Result "1-0"]
[WhiteElo "2300"]
[BlackElo "2250"]
[PlyCount "55"]
[EventDate "2024.02.06"]
[EventType "swiss (blitz)"]
[EventRounds "11"]
[EventCountry "USA"]
[SourceTitle "CB07_2024"]
[SourceDate "2024.02.14"]
[SourceVersion "1"]
[SourceVersionDate "2024.02.14"]
[SourceQuality "1"]

1. Nf3 Nf6 2. g3 d5 3. Bg2 c6 4. c4 Bg4 5. d4 e6 6. h3 Bxf3 7. Bxf3 Nbd7 8. Nd2 Bd6 9. 0-0 h5 10. h4 Qe7 11. e4 dxe4 12. Nxe4 Nxe4 13. Bxe4 Nf6 14. Bf3 0-0-0 15. Qa4 Kb8 16. Be3 a6 17. b4 e5 18. d5 e4 19. Be2 cxd5 20. c5 Be5 21. c6 d4 22. cxb7 dxe3 23. Bxa6 exf2+ 24. Rxf2 Bxa1 25. Rc2 Qe5 26. Kg2 e3 27. Be2 Rd2 28. Qa8# 1-0

[Event "Titled Tuesday intern op 23rd Jan Late"]
[Site "Chess.com INT"]
[Date "2024.01.23"]
[Round "2"]
[White "Gutkin, Ilya"]
[Black "Ottosen, David"]
[Result "0-1"]
[WhiteElo "2289"]
[BlackElo "2067"]
[PlyCount "58"]
[EventDate "2024.01.23"]
[EventType "swiss (blitz)"]
[EventRounds "11"]
[EventCountry "USA"]
[SourceTitle "CB05_2024"]
[SourceDate "2024.01.31"]
[SourceVersion "1"]
[SourceVersionDate "2024.01.31"]
[SourceQuality "1"]

1. e4 e6 2. d4 d5 3. Nc3 Bb4 4. e5 c5 5. a3 Bxc3+ 6. bxc3 Ne7 7. Qg4 Qc7 8. Qxg7 Rg8 9. Qxh7 cxd4 10. Ne2 Nbc6 11. h4 Qxe5 12. Bf4 Qg7 13. Qxg7 Rxg7 14. cxd4 Bd7 15. c3 0-0-0 16. g3 Rh8 17. Bg2 f6 18. Kd2 Na5 19. h5 Nc4+ 20. Kc2 Ba4+ 21. Kb1 e5 22. Bc1 Kd7 23. Bf3 Kd6 24. Bg2 Be8 25. h6 Rgh7 26. dxe5+ fxe5 27. f4 Nf5 28. fxe5+ Nxe5 29. Bf4 Nxh6 0-1

[Event "Titled Tuesday intern op 09th Jan Early"]
[Site "Chess.com INT"]
[Date "2024.01.09"]
[Round "3"]
[White "Gutkin, Ilya"]
[Black "Tulchynskyi, Feliks"]
[Result "1-0"]
[WhiteElo "2289"]
[BlackElo "2285"]
[PlyCount "65"]
[EventDate "2024.01.09"]
[EventType "swiss (blitz)"]
[EventRounds "11"]
[EventCountry "USA"]
[SourceTitle "CB03_2024"]
[SourceDate "2024.01.17"]
[SourceVersion "1"]
[SourceVersionDate "2024.01.17"]
[SourceQuality "1"]

1. Nf3 Nf6 2. g3 g6 3. b3 Bg7 4. Bb2 0-0 5. Bg2 c5 6. c4 d5 7. cxd5 Nxd5 8. Bxg7 Kxg7 9. 0-0 Nc6 10. d4 cxd4 11. Nxd4 Nxd4 12. Qxd4+ Nf6 13. Qe5 Qd6 14. Qxd6 exd6 15. Nc3 Rd8 16. Rfd1 a6 17. Rac1 Ra7 18. Nd5 b5 19. Nb4 Bb7 20. Rc7 Rb8 21. Nc6 Ne8 22. Re7 Kf8 23. Rxe8+ Rxe8 24. Nxa7 Bxg2 25. Kxg2 Rxe2 26. Rxd6 Rxa2 27. b4 a5 28. Ra6 a4 29. Nxb5 Ke7 30. Nc3 Ra3 31. Nxa4 h5 32. b5 Kd7 33. Nc5+ 1-0

[Event "Titled Tuesday intern op 12th Dec Early"]
[Site "Chess.com INT"]
[Date "2023.12.12"]
[Round "1"]
[White "Gutkin, Ilya"]
[Black "Haring, Filip"]
[Result "0-1"]
[WhiteElo "2289"]
[BlackElo "2442"]
[PlyCount "46"]
[EventDate "2023.12.12"]
[EventType "swiss (blitz)"]
[EventRounds "11"]
[EventCountry "USA"]
[SourceTitle "CB51_2023"]
[SourceDate "2023.12.20"]
[SourceVersion "1"]
[SourceVersionDate "2023.12.20"]
[SourceQuality "1"]

1. e4 e6 2. d4 d5 3. Nc3 Bb4 4. e5 c5 5. a3 Bxc3+ 6. bxc3 Nc6 7. Qg4 g6 8. Nf3 h6 9. h4 Qa5 10. Bd2 Qa4 11. Be2 Qxc2 12. 0-0 Qe4 13. Nh2 cxd4 14. Qxe4 dxe4 15. Bb5 Bd7 16. Bxc6 Bxc6 17. cxd4 h5 18. Bb4 0-0-0 19. Bd6 Nh6 20. Rfc1 Nf5 21. Bc5 Nxd4 22. Rc4 Nb3 23. Rb1 Nd2 0-1

[Event "Titled Tuesday intern op 12th Dec Early"]
[Site "Chess.com INT"]
[Date "2023.12.12"]
[Round "4"]
[White "Womacka, Mathias"]
[Black "Gutkin, Ilya"]
[Result "1-0"]
[WhiteElo "2354"]
[BlackElo "2289"]
[PlyCount "91"]
[EventDate "2023.12.12"]
[EventType "swiss (blitz)"]
[EventRounds "11"]
[EventCountry "USA"]
[SourceTitle "CB51_2023"]
[SourceDate "2023.12.20"]
[SourceVersion "1"]
[SourceVersionDate "2023.12.20"]
[SourceQuality "1"]

1. e4 e5 2. Nf3 Nc6 3. Bb5 Nf6 4. 0-0 Nxe4 5. Re1 Nd6 6. Nxe5 Be7 7. Bf1 Nxe5 8. Rxe5 0-0 9. d4 Bf6 10. Re1 Nf5 11. d5 d6 12. Nd2 Re8 13. Ne4 Be7 14. Bf4 Bf8 15. Qd2 Bd7 16. a4 h6 17. a5 Nh4 18. Qb4 Ng6 19. Bg3 b6 20. Bb5 Bxb5 21. Qxb5 bxa5 22. Qxa5 Qb8 23. b3 Qb6 24. Qc3 Ne7 25. Qd3 Nf5 26. Nf6+ gxf6 27. Qxf5 Qb4 28. Rxe8 Rxe8 29. h4 Re1+ 30. Rxe1 Qxe1+ 31. Kh2 Qc3 32. h5 a5 33. Bh4 Bg7 34. Qg4 Qe5+ 35. g3 Kh7 36. Qf3 f5 37. Kg2 f6 38. Qd3 Qe4+ 39. Qxe4 fxe4 40. g4 Kg8 41. Kg3 f5 42. gxf5 Be5+ 43. Kg4 Kf7 44. Bd8 Bd4 45. Kf4 Bxf2 46. Kxe4 1-0

[Event "Titled Tuesday intern op 29th Aug Late"]
[Site "Chess.com INT"]
[Date "2023.08.29"]
[Round "9"]
[White "Miszler, Levente"]
[Black "Gutkin, Ilya"]
[Result "0-1"]
[WhiteElo "2315"]
[BlackElo "2276"]
[PlyCount "124"]
[EventDate "2023.08.29"]
[EventType "swiss (blitz)"]
[EventRounds "11"]
[EventCountry "USA"]
[SourceTitle "EXT 2024"]
[Source "ChessBase"]
[SourceDate "2023.10.10"]
[SourceVersion "1"]
[SourceVersionDate "2023.10.10"]
[SourceQuality "1"]

1. c4 c5 2. g3 g6 3. Bg2 Bg7 4. Nf3 Nc6 5. Nc3 d6 6. 0-0 e6 7. e3 Nge7 8. d4 0-0 9. d5 Na5 10. Qe2 Re8 11. Rd1 Rb8 12. dxe6 Bxe6 13. Nd5 b5 14. Nxe7+ Qxe7 15. cxb5 Nc4 16. a4 Na5 17. Ra3 Nb3 18. e4 Nxc1 19. Rxc1 a6 20. e5 axb5 21. exd6 Qxd6 22. axb5 Bd7 23. Qc2 Rxb5 24. Rd1 Qc7 25. Nd4 Bxd4 26. Rxd4 Re1+ 27. Bf1 Bh3 28. Rd1 Qe5 29. Raa1 Rxf1+ 30. Rxf1 Bxf1 31. Kxf1 Rxb2 32. Qc4 Rxf2+ 33. Kxf2 Qxa1 34. Qxc5 Kg7 35. Kg2 h6 36. h4 Qb2+ 37. Kh3 Qf6 38. Qd5 Qf5+ 39. Qxf5 gxf5 40. Kg2 Kf6 41. Kf3 Ke5 42. Ke3 h5 43. Kf3 f4 44. gxf4+ Kf5 45. Ke3 Kg4 46. Ke4 Kxh4 47. Kf3 f5 48. Ke3 Kg4 49. Kf2 Kxf4 50. Kg2 Kg4 51. Kf2 f4 52. Kg2 f3+ 53. Kh2 Kf4 54. Kg1 Kg3 55. Kh1 Kf2 56. Kh2 Ke2 57. Kh3 f2 58. Kh2 f1Q 59. Kg3 Qf3+ 60. Kh2 Qg4 61. Kh1 Kf2 62. Kh2 Qh4# 0-1

[Event "Titled Tuesday intern op 08th Aug Early"]
[Site "Chess.com INT"]
[Date "2023.08.08"]
[Round "5"]
[White "Gutkin, Ilya"]
[Black "Moskvin, Anatoly"]
[Result "0-1"]
[WhiteElo "2276"]
[BlackElo "2192"]
[PlyCount "60"]
[EventDate "2023.08.08"]
[EventType "swiss (blitz)"]
[EventRounds "11"]
[EventCountry "USA"]
[SourceTitle "EXT 2024"]
[Source "ChessBase"]
[SourceDate "2023.10.10"]
[SourceVersion "1"]
[SourceVersionDate "2023.10.10"]
[SourceQuality "1"]

1. e4 e5 2. Nf3 Nc6 3. Bb5 f5 4. d4 fxe4 5. Nxe5 Nf6 6. Nxc6 bxc6 7. Be2 d5 8. 0-0 Bd6 9. f3 0-0 10. Nc3 Bf5 11. fxe4 Nxe4 12. Nxe4 Bxe4 13. Rxf8+ Qxf8 14. Bd3 Re8 15. Bg5 Qf5 16. Bh4 Qg6 17. Bxe4 dxe4 18. Qe2 Qf7 19. b3 c5 20. Rf1 Qd5 21. dxc5 Bxc5+ 22. Kh1 Bd6 23. Bg3 Bxg3 24. hxg3 e3 25. Rf3 Qd4 26. Kh2 Re6 27. Qb5 Rh6+ 28. Kg1 e2+ 29. Rf2 e1Q+ 30. Qf1 Qdxf2# 0-1

[Event "Titled Tuesday intern op 01st Aug Early"]
[Site "Chess.com INT"]
[Date "2023.08.01"]
[Round "8"]
[White "Eggleston, Thomas"]
[Black "Gutkin, Ilya"]
[Result "1-0"]
[WhiteElo "2215"]
[BlackElo "2276"]
[PlyCount "93"]
[EventDate "2023.08.01"]
[EventType "swiss (blitz)"]
[EventRounds "11"]
[EventCountry "USA"]
[SourceTitle "EXT 2024"]
[Source "ChessBase"]
[SourceDate "2023.10.10"]
[SourceVersion "1"]
[SourceVersionDate "2023.10.10"]
[SourceQuality "1"]

1. e4 e5 2. Nf3 Nc6 3. d4 exd4 4. Nxd4 Nf6 5. Nc3 Bb4 6. Nxc6 bxc6 7. Bd3 d5 8. exd5 0-0 9. 0-0 cxd5 10. h3 h6 11. Qf3 Bb7 12. Bf4 Bd6 13. Ne2 Rb8 14. Bxd6 Qxd6 15. Nd4 c5 16. Nf5 Qb6 17. Qg3 Ne8 18. Rfe1 Bc8 19. Rxe8 Bxf5 20. Rxf8+ Kxf8 21. Bxf5 Qxb2 22. Re1 g6 23. Bg4 Kg7 24. Qe5+ Qxe5 25. Rxe5 Rb1+ 26. Kh2 Rb2 27. Rxd5 Rxc2 28. a4 c4 29. Rc5 c3 30. a5 h5 31. Bf3 Ra2 32. Rxc3 Rxa5 33. h4 Ra2 34. Kg3 Ra5 35. Rc7 Kf6 36. Be2 Ra3+ 37. f3 a5 38. Bc4 Rc3 39. Rxf7+ Ke5 40. Rf4 a4 41. Re4+ Kd6 42. Kf4 a3 43. Bg8 Rc2 44. Ra4 Rxg2 45. Rxa3 Ke7 46. Ra7+ Kf6 47. Bd5 1-0

[Event "Titled Tuesday intern op 18th Jul Early"]
[Site "Chess.com INT"]
[Date "2023.07.18"]
[Round "4"]
[White "Gutkin, Ilya"]
[Black "Philippe, Guillaume"]
[Result "0-1"]
[WhiteElo "2276"]
[BlackElo "2362"]
[PlyCount "52"]
[EventDate "2023.07.18"]
[EventType "swiss (blitz)"]
[EventRounds "11"]
[EventCountry "USA"]
[SourceTitle "EXT 2024"]
[Source "ChessBase"]
[SourceDate "2023.10.10"]
[SourceVersion "1"]
[SourceVersionDate "2023.10.10"]
[SourceQuality "1"]

1. e4 c5 2. Nf3 Nc6 3. Bb5 e6 4. 0-0 Nge7 5. c3 a6 6. Ba4 b5 7. Bc2 Bb7 8. Re1 d5 9. e5 d4 10. Be4 Rb8 11. d3 Ng6 12. g3 Qc7 13. Qe2 Rd8 14. h4 Be7 15. h5 Nf8 16. h6 g6 17. a4 Nd7 18. axb5 axb5 19. Na3 Qb6 20. c4 b4 21. Nb5 0-0 22. Bf4 Ra8 23. Ng5 Bxg5 24. Bxg5 Ncxe5 25. Bxb7 Qxb7 26. Nd6 Nf3+ 0-1

[Event "Titled Tuesday intern op 27th Jun Early"]
[Site "Chess.com INT"]
[Date "2023.06.27"]
[Round "4"]
[White "Ismagilov, Damir"]
[Black "Gutkin, Ilya"]
[Result "1-0"]
[WhiteElo "2156"]
[BlackElo "2271"]
[PlyCount "69"]
[EventDate "2023.06.27"]
[EventType "swiss (blitz)"]
[EventRounds "11"]
[EventCountry "USA"]
[SourceTitle "EXT 2024"]
[Source "ChessBase"]
[SourceDate "2023.10.10"]
[SourceVersion "1"]
[SourceVersionDate "2023.10.10"]
[SourceQuality "1"]

1. d4 d5 2. Bf4 c5 3. e3 Nc6 4. c3 Bf5 5. Nd2 e6 6. Qb3 Qb6 7. Qxb6 axb6 8. Bc7 Kd7 9. Bxb6 c4 10. e4 Bg6 11. f4 Ra6 12. Bc5 Bxc5 13. dxc5 Nge7 14. Ngf3 Rha8 15. a3 Ra5 16. f5 exf5 17. exd5 Nxd5 18. Nxc4 Rxc5 19. 0-0-0 Kc7 20. Nd4 Nxd4 21. Rxd4 Nf6 22. Be2 Re8 23. Bf3 Ne4 24. Rhd1 Re7 25. Nd6 Nxd6 26. Rxd6 f4 27. R6d4 Rf5 28. Rc4+ Kb8 29. Rd8+ Ka7 30. Ra4+ Kb6 31. Rb4+ Ka7 32. Ra4+ Kb6 33. Rda8 Bh5 34. Rb4+ Kc5 35. Ra5+ 1-0

[Event "Titled Tuesday intern op 30th May Late"]
[Site "Chess.com INT"]
[Date "2023.05.30"]
[Round "2"]
[White "Gutkin, Ilya"]
[Black "Kourkoulos Arditis, Stamatis"]
[Result "1/2-1/2"]
[WhiteElo "2273"]
[BlackElo "2539"]
[PlyCount "261"]
[EventDate "2023.05.30"]
[EventType "swiss (blitz)"]
[EventRounds "11"]
[EventCountry "USA"]
[SourceTitle "CBM 214 Extra"]
[Source "ChessBase"]
[SourceDate "2023.07.31"]
[SourceVersion "1"]
[SourceVersionDate "2023.07.31"]
[SourceQuality "1"]

1. Nf3 d6 2. d4 Nf6 3. b3 Nbd7 4. Bb2 c6 5. g3 Qc7 6. Bg2 e5 7. 0-0 Be7 8. Re1 e4 9. Nfd2 d5 10. c4 0-0 11. Nc3 Re8 12. Nf1 Nf8 13. Ne3 Be6 14. Rc1 Qd7 15. cxd5 cxd5 16. Na4 b6 17. Rc2 Rac8 18. Qb1 Rxc2 19. Nxc2 h5 20. Rc1 h4 21. Ne3 hxg3 22. hxg3 Bh3 23. Rc2 Ng6 24. Qc1 Bd6 25. Ba3 Bxa3 26. Qxa3 Bxg2 27. Kxg2 Ng4 28. Qc1 Ne7 29. Nc3 Nxe3+ 30. Qxe3 Nf5 31. Qg5 e3 32. f3 Nxd4 33. Rc1 f6 34. Qxd5+ Qxd5 35. Nxd5 Nxe2 36. Re1 Nd4 37. Rxe3 Rxe3 38. Nxe3 Ne2 39. Nd5 Nc1 40. Nc3 Kf7 41. Kf2 Nd3+ 42. Ke3 Ne5 43. f4 Nc6 44. Ke4 Ke6 45. f5+ Kd6 46. Nb5+ Kc5 47. Nc7 Kb4 48. Ne8 Ka3 49. Nxg7 Kxa2 50. Ne8 Kxb3 51. Nxf6 a5 52. Nd5 a4 53. f6 Nd8 54. Nf4 a3 55. Nd3 a2 56. Nc1+ Kb2 57. Nxa2 Kxa2 58. g4 b5 59. g5 b4 60. g6 b3 61. g7 b2 62. g8Q+ Ka1 63. Qxd8 b1Q+ 64. Ke5 Qe1+ 65. Kf5 Qf2+ 66. Ke6 Qe2+ 67. Kf7 Qc4+ 68. Kf8 Qb4+ 69. Kg8 Qg4+ 70. Kf8 Qb4+ 71. Qe7 Qb8+ 72. Kf7 Qb3+ 73. Kg6 Qg3+ 74. Kf5 Qf3+ 75. Ke6 Qb3+ 76. Ke5 Qe3+ 77. Kf5 Qf3+ 78. Ke5 Qe3+ 79. Kd5 Qb3+ 80. Kd4 Qb2+ 81. Ke4 Qe2+ 82. Kf4 Qf2+ 83. Ke4 Qe2+ 84. Kd4 Qd2+ 85. Kc4 Qc2+ 86. Kb4 Qb2+ 87. Ka4 Qd4+ 88. Ka5 Qc3+ 89. Ka6 Qc4+ 90. Ka7 Qd4+ 91. Kb8 Qf4+ 92. Kc8 Qf5+ 93. Kc7 Qf4+ 94. Kc6 Qc4+ 95. Kd6 Qd4+ 96. Ke6 Qc4+ 97. Kf5 Qd3+ 98. Kg5 Qg3+ 99. Kh6 Qh3+ 100. Kg7 Qg3+ 101. Kf8 Qb8+ 102. Kf7 Qb3+ 103. Qe6 Qb7+ 104. Kg6 Qg2+ 105. Kh7 Qh2+ 106. Kg8 Qg2+ 107. Kf8 Qa8+ 108. Qe8 Qa3+ 109. Kg8 Qb3+ 110. f7 Qg3+ 111. Kf8 Qd6+ 112. Qe7 Qh6+ 113. Ke8 Qc6+ 114. Qd7 Qe4+ 115. Kd8 Qh4+ 116. Kc7 Qc4+ 117. Kd6 Qd4+ 118. Kc6 Qa4+ 119. Kc7 Qf4+ 120. Kc8 Qc4+ 121. Qc7 Qg4+ 122. Kb8 Qb4+ 123. Qb7 Qf8+ 124. Ka7 Qc5+ 125. Qb6 Qe7+ 126. Qb7 Qc5+ 127. Ka6 Qa3+ 128. Kb6 Qb3+ 129. Kc7 Qxf7+ 130. Kb8 Qxb7+ 131. Kxb7 1/2-1/2